我的天才夢
| 資料類型: | 圖書 | 書目號: | 30103 |
Leader xxxxxxxxxx 001 __ PCLIS00030103 005 __ 20220208140958.0 010 0_ |a957-33-1879-2|b平裝|dNT$200 100 __ |a20010501d2002 m y0chiy09 e 101 0_ |achi 102 __ |atw 105 __ |ay z 000cy 200 __ |a我的天才夢|f侯文詠著 205 __ |a初版 210 __ |a臺北市|c皇冠文化|d2002[民91] 215 0_ |a218面|d21公分 225 2_ |a侯文詠作品|v9 225 1_ |a皇冠叢書|v第3195種 306 __ |a2002年6刷 410 _1 |12001 |a侯文詠作品|v9 681 __ |a855|b8966 700 _1 |a侯|b文詠|4著 801 _0 |atw|b內湖高中|c20021125|gCCR 801 _2 |atw|b內湖高中|c20220208|gCCR |